Statistics for American Film Institute's 50 Greatest American Screen Legends

Click here to take the quiz!

General Stats

  • This quiz has been taken 124 times
  • The average score is 32 of 50

Answer Stats

# Hint Actor/Actress % Correct
6Some Like It HotMarilyn Monroe
93%
4On the WaterfrontMarlon Brando
91%
1The Maltese FalconHumphrey Bogart
91%
3It's a Wonderful LifeJames Stewart
90%
18Rebel Without a CauseJames Dean
90%
13True GritJohn Wayne
89%
7Gone with the WindClark Gable
89%
7CleopatraElizabeth Taylor
88%
4CasablancaIngrid Bergman
83%
12To Kill a MockingbirdGregory Peck
82%
2North by NorthwestCary Grant
82%
3Roman HolidayAudrey Hepburn
80%
10City LightsCharlie Chaplin
79%
612 Angry MenHenry Fonda
78%
2All About EveBette Davis
78%
17SpartacusKirk Douglas
78%
5Top HatFred Astaire
77%
16Citizen KaneOrson Welles
76%
8The Wizard of OzJudy Garland
74%
20Duck SoupThe Marx Brothers
74%
15Singin' in the RainGene Kelly
71%
16A Streetcar Named DesireVivien Leigh
70%
9Adam's RibSpencer Tracy
70%
14HamletLaurence Olivier
65%
11Mr. Deeds Goes to TownGary Cooper
63%
22Lilies of the FieldSidney Poitier
62%
13High NoonGrace Kelly
62%
10Mildred PierceJoan Crawford
62%
19Elmer GantryBurt Lancaster
61%
5NinotchkaGreta Garbo
60%
20The Big SleepLauren Bacall
56%
1The Philadelphia StoryKatharine Hepburn
56%
8The Public EnemyJames Cagney
55%
21The GeneralBuster Keaton
54%
23Cape FearRobert Mitchum
52%
25MogamboAva Gardner
50%
14Swing TimeGinger Rogers
50%
24Little CaesarEdward G. Robinson
50%
25Stalag 17William Holden
49%
12It Happened One NightClaudette Colbert
49%
19GildaRita Hayworth
46%
11Double IndemnityBarbara Stanwyck
46%
21Two WomenSophia Loren
46%
15She Done Him WrongMae West
44%
9Shanghai ExpressMarlene Dietrich
43%
22Hell's AngelsJean Harlow
43%
18Bright EyesShirley Temple
39%
24CoquetteMary Pickford
37%
17The Birth of a NationLillian Gish
33%
23My Man GodfreyCarole Lombard
28%

Score Distribution

Percentile by Number Answered

Percent of People with Each Score

Your Score History

You have not taken this quiz